000
00310 a2200157 4500
001
177448
020
_a
040
_c
Magnum
100
_a
Siguemoto,regina
240
1
0
_a
Que enrosco
_l
por
245
1
0
_a
Que enrosco
362
0
_a
1899
440
1
_a
Paulinas
697
_a
MAGNITO: I/POESIA
942
_c
BK
999
_c
177448
_d
177448